<?xml version="1.0" encoding="UTF-8"?>
<record
    xmlns:xsi="http://www.w3.org/2001/XMLSchema-instance"
    xsi:schemaLocation="http://www.loc.gov/MARC21/slim http://www.loc.gov/standards/marcxml/schema/MARC21slim.xsd"
    xmlns="http://www.loc.gov/MARC21/slim">

  <leader>00999nam a22002171i 4500</leader>
  <controlfield tag="001">182896</controlfield>
  <controlfield tag="003">ES-MaACL</controlfield>
  <controlfield tag="005">20250729015734.0</controlfield>
  <controlfield tag="008">131204m19121914fr           |||| | fre d</controlfield>
  <datafield tag="245" ind1="0" ind2="0">
    <subfield code="a">Biblioth&#xE8;ques livres et librairies </subfield>
    <subfield code="b">: Conf&#xE9;rences faites a l'Ecole des Hautes-Etudes sociales sous le patronage de l'Association / </subfield>
    <subfield code="c">avec le concours de l'Institut international de Bibliographie et du Cerde de la Libraire.</subfield>
  </datafield>
  <datafield tag="260" ind1=" " ind2=" ">
    <subfield code="a">Paris : </subfield>
    <subfield code="b">Marcel  Rivi&#xE8;re, </subfield>
    <subfield code="c">1912-1914 (</subfield>
    <subfield code="e">Villeneuve-Saint-Sege :</subfield>
    <subfield code="f">Imp. L'Union Typographique)</subfield>
  </datafield>
  <datafield tag="300" ind1=" " ind2=" ">
    <subfield code="a">3 v. ; </subfield>
    <subfield code="c">22 cm.</subfield>
  </datafield>
  <datafield tag="505" ind1="8" ind2=" ">
    <subfield code="a">Contiene: [1&#xAA; Serie] 1 vol. 2&#xAA; Serie. 1 vol. 3&#xAA; Serie. 1 vol. con 2 l&#xE1;m.</subfield>
  </datafield>
  <datafield tag="594" ind1=" " ind2=" ">
    <subfield code="a">Precede al t&#xED;t.: Association des Biblioth&#xE9;caires Fran&#xE7;ais.</subfield>
  </datafield>
  <datafield tag="650" ind1="0" ind2="4">
    <subfield code="a">Bibliotecas.</subfield>
    <subfield code="9">188814</subfield>
  </datafield>
  <datafield tag="650" ind1=" " ind2="4">
    <subfield code="a">Bibliotecas-</subfield>
    <subfield code="z">Francia.</subfield>
    <subfield code="9">153926</subfield>
  </datafield>
  <datafield tag="650" ind1="0" ind2="7">
    <subfield code="a">Biblioteconom&#xED;a</subfield>
    <subfield code="2">embne</subfield>
    <subfield code="9">10554</subfield>
  </datafield>
  <datafield tag="710" ind1="0" ind2=" ">
    <subfield code="a">Association des Bibliothecaires Fran&#xE7;ais.</subfield>
    <subfield code="9">1809</subfield>
  </datafield>
  <datafield tag="852" ind1=" " ind2=" ">
    <subfield code="a">ES-MaACL</subfield>
    <subfield code="j">B-4454-56</subfield>
  </datafield>
  <datafield tag="999" ind1=" " ind2=" ">
    <subfield code="c">182896</subfield>
    <subfield code="d">182896</subfield>
  </datafield>
  <datafield tag="952" ind1=" " ind2=" ">
    <subfield code="0">0</subfield>
    <subfield code="1">0</subfield>
    <subfield code="2">udc</subfield>
    <subfield code="4">0</subfield>
    <subfield code="7">0</subfield>
    <subfield code="8">Biblioteca_profesional </subfield>
    <subfield code="a">ATENEOM</subfield>
    <subfield code="b">ATENEOM</subfield>
    <subfield code="c">SPB</subfield>
    <subfield code="d">2013-12-04</subfield>
    <subfield code="l">0</subfield>
    <subfield code="o">B-4454-56</subfield>
    <subfield code="p">1192224</subfield>
    <subfield code="r">2023-02-23 00:00:00</subfield>
    <subfield code="w">2023-02-23</subfield>
    <subfield code="y">MONOGRAFIA</subfield>
  </datafield>
</record>
